Estatísticas para Square Enix Game Franchises by Characters

Clique aqui para jogar o quiz

Estatísticas Gerais

  • Esse quiz foi jogado 9 vezes
  • A pontuação média é 5 de 12

Estatísticas das Respostas

CharactersGame Franchise% Correto
Lara Croft, Ana MilerTomb Raider
100%
Agent 47, Lucas Grey, Agent 17Hitman
89%
Crono, Marle, FrogChrono
78%
Cloud, SephirothFinal Fantasy
78%
Sora, Riku, MickeyKingdom Hearts
67%
2B, Popola, KainéNier
44%
Slime, Hero, RagnarDragon Quest
22%
Max, Chloe, Alex, Rachel AmberLife is Strange
22%
Adam, Viktor, Talos, VaclavDeusEX
0%
Caim, Furiae, Leonard,Drakengard
0%
Royd, Kevin, RyujiFront Mission
0%
Baby Panay, Bolo SantosiJust Cause
0%

Distribuição das Pontuações

Percentil de Números Respondidos

Porcentagem de Pessoas com Cada Pontuação

Sua Pontuação Histórica

Você não jogou esse quiz